000 01083cab a2200277 4500
001 ABS46186
008 090401t1992 xxu||||| |||| 00| 0 eng d
035 _a(Sirsi) u57095
041 _aeng
100 _aLloyd, H.
245 _aHotel clash offers feast of debate
260 _c1992
350 _a0
490 _aBuilding
_v257(7740) 10 April 1992, 34(1)
520 _aPicks out several points from a recent case, namely the identity of the clients as a company, the degree of supervision to be expected of the architect on the project, whether the architect was wrong to use JCT Minor Works Form of Contract and the calculation for the loss of profits to the clients through a four week delay in finishing the work.
650 _aARCHITECTS
650 _aBUILT ENVIRONMENT-BUILDING CONTRACT FORMS
650 _aCONTRACT CLAIMS
650 _aDUTY OF CARE
650 _aJCT MINOR WORKS AGREEMENT (1980 EDITION)
650 _aLOSS OF PROFITS
650 _aSUPERVISION
690 _aBUILT ENVIRONMENT-BUILDING CONTRACT FORMS
942 _n0
948 _c04/03/1997
999 _c34800
_d34800